Normal view
MARC view
Entry Personal Name
001 - CONTROL NUMBER
- control field: 73333
003 - CONTROL NUMBER IDENTIFIER
- control field: dpl
005 - DATE AND TIME OF LATEST TRANSACTION
- control field: 20241024111049.0
008 - FIXED-LENGTH DATA ELEMENTS
- fixed length control field: 241024|| aca||aabn | a|a d
040 ## - CATALOGING SOURCE
- Original cataloging agency: dpl
- Transcribing agency: dpl
100 ## - HEADING--PERSONAL NAME
- Personal name: Moore F.R.S., Edward
670 ## - SOURCE DATA FOUND
- Source citation: Work cat.: (dpl)206672: Moore F.R.S., Edward, The Hindu Pantheon/, 2023
